ბათუმის შოთა რუსთაველის სახელმწიფო უნივერსიტეტის ბიბლიოთეკა

ჩანაწერი Personal Name

ჩანაწერთა რაოდენობა, რომელიც გამოყენებულია: 1

001 - CONTROL NUMBER

  • control field: 12100

003 - CONTROL NUMBER IDENTIFIER

  • control field: GE_BSU

005 - DATE AND TIME OF LATEST TRANSACTION

  • control field: 20210621134424.0

008 - FIXED-LENGTH DATA ELEMENTS

  • fixed length control field: 210621|| aca||aabn | a|a d

040 ## - CATALOGING SOURCE

  • Original cataloging agency: GE_BSU
  • Transcribing agency: GE_BSU

100 ## - HEADING--PERSONAL NAME

  • Personal name: Boroson, Barbara

670 ## - SOURCE DATA FOUND

  • Source citation: Work cat.: (GE_BSU)0: Boroson, Barbara, Autism spectrum disorder in the inclusive classroom /